000 01424cam a22003135a 4500
001 L142151
008 080125s2007 xxkado f 000 0 eng d
020 _a9780860176657
035 _a(Sirsi) u142151
041 0 _aeng
050 0 4 _a333.73 $2 18
100 1 _aWilson, S.
245 0 0 _aAssessing risks posed by hazardous ground gases to buildings
250 _aRev. ed.
260 _aCIRIA
_c2007
300 _axviii, 182p.
_bill.
_c30cm.
490 0 _aCIRIA
_v(C665)
505 2 _aIntroduction -- Hazardous gases -- Development of initial conceptual model and preliminary risk assessment - site characterisation -- Methods of non-intrusive and intrusive investigation -- Monitoring methodologies -- Sampling methodologies -- Interpretation of results -- Assessment of risk -- Remedial options -- Post development monitoring
520 _aDiscusses practice in the collection of relevant data and in the monitoring of programmes in a risk-based approach to gas contaminated land. Describes the mitigation and management of potentially unacceptable risk with reference to both passive and active systems of gas control.
521 2 _aAdvanced
590 _aKA
651 4 _aUnited Kingdom
_y
690 _aENVIRONMENTAL AND LAND CONSULTANCY-WASTE MANAGEMENT-HAZARDOUS WASTE TREATMENT
700 1 _aOliver, S.
700 1 _aMallett, H.
700 1 _aHutchings, H.
700 1 _aCard, G.
942 _n0
999 _c107847
_d107847